Countries by Unique Animals - Statistics

General Stats
  • This quiz has been taken 2,920 times
    2,441 since last reset
  • The average score is 10 of 21
Answer Stats
Animal Country % Correct
Koala Australia
99%
Giant panda China
99%
Kiwi New Zealand
91%
Lemur Madagascar
90%
Komodo Dragon Indonesia
80%
Platypus Australia
66%
Dodo Mauritius
59%
Andaman cobra India
57%
Ceylonese combtail Sri Lanka
54%
Axolotl Mexico
53%
Anatolian vole Turkey
44%
Cape sugarbird South Africa
42%
Red wolf United States
41%
Snow sheep Russia
34%
Golden Lion Tamarin Brazil
25%
Tuatara New Zealand
23%
Quagga South Africa
19%
Darwin's Fox Chile
17%
Bee hummingbird Cuba
13%
Golden toad Costa Rica
8%
Tamaraw Philippines
7%
No matching quizzes found
Score Distribution
Percent of People with Each Score
Percentile by Number Answered
Your Score History
You have not taken this quiz since the last reset